[Event "ch-FRA Blitz Online Qual"]
[Site "Europe-Chess INT"]
[Date "2020.05.16"]
[Round "5"]
[White "Sabapathee, Florian"]
[Black "Le Bas, Alexis"]
[Result "0-1"]
[WhiteElo "1444"]
[BlackElo "1889"]
[WhiteFideId "45195951"]
[BlackFideId "651087"]
[EventDate "2020.05.16"]

1. c4 Nf6 2. g3 g6 3. Bg2 d5 4. cxd5 Nxd5 5. Nc3 Nb6 6. Nf3 Bg7 7. O-O Nc6 8. e3
O-O 9. d4 Bg4 10. Bd2 e5 11. h3 Bxf3 12. Bxf3 exd4 13. exd4 Qxd4 14. Be3 Qf6 15.
Bg2 Nc4 16. Bf4 Nxb2 17. Nd5 Qxf4 18. Nxf4 Nxd1 19. Raxd1 Nd4 20. Bxb7 Rab8 21.
Bg2 Rb2 22. Nd5 c5 23. a4 c4 24. Ne7+ Kh8 25. Nc6 Nxc6 26. Bxc6 c3 27. Rc1 Rc8
28. Bb5 c2 29. Bd3 Rc3 30. Be4 f5 31. Bd5 Bh6 32. f4 Rxg3+ 33. Kh2 Rc3 34. Rfe1
Bxf4+ 35. Kg2 Rg3+ 36. Kf2 Rxh3 37. Re8+ Kg7 38. Rg8+ Kh6 39. Rh1 Rxh1 40. Rxg6+
hxg6 41. a5 c1=Q+ 42. Kf3 Qe3# 0-1

[Event "ch-FRA Blitz Online Qual"]
[Site "Europe-Chess INT"]
[Date "2020.05.16"]
[Round "5"]
[White "Quartararo, Pierre"]
[Black "Weber, Richard"]
[Result "0-1"]
[WhiteElo "1909"]
[BlackElo "1463"]
[WhiteFideId "614491"]
[BlackFideId "644382"]
[EventDate "2020.05.16"]

1. d4 Nf6 2. c4 e6 3. Nf3 d5 4. Nc3 Bb4 5. Bg5 O-O 6. Qc2 h6 7. Bh4 Be7 8. e3 c6
9. Bd3 b6 10. O-O Bb7 11. cxd5 exd5 12. Rac1 Nbd7 13. a3 Ne8 14. Bxe7 Qxe7 15.
b4 b5 16. Rfe1 Qd6 17. e4 Nc7 18. e5 Qe7 19. Bf5 Ne6 20. Qd2 Rfe8 21. Ne2 Ndf8
22. Nf4 Nxf4 23. Qxf4 Bc8 24. Bd3 Bb7 25. Re2 Rac8 26. Rce1 Ne6 27. Qe3 a6 28.
Nd2 Qg5 29. Nf3 Qxe3 30. Rxe3 g6 31. h3 Kg7 32. Nh4 Re7 33. g3 Rce8 34. f4 Nf8
35. f5 Kh7 36. g4 g5 37. f6+ Kh8 38. fxe7 Rxe7 39. Nf5 Re6 40. Ng3 Ng6 41. Bf5
Re7 42. Bxg6 fxg6 43. Rf3 Bc8 44. Ref1 Be6 45. Rf8+ Kg7 46. Ra8 h5 47. gxh5 Bxh3
48. Rf6 gxh5 49. Nxh5+ Kh7 50. Rff8 g4 51. Rh8+ Kg6 52. Rag8+ Kf5 0-1

[Event "ch-FRA Blitz Online Qual"]
[Site "Europe-Chess INT"]
[Date "2020.05.16"]
[Round "5"]
[White "Oney, Remel"]
[Black "Janon, Nicolas"]
[Result "1-0"]
[WhiteElo "1781"]
[BlackElo "1392"]
[WhiteFideId "6310125"]
[BlackFideId "36039136"]
[EventDate "2020.05.16"]

1. d4 d5 2. Bf4 Nc6 3. e3 Bf5 4. Bd3 Bxd3 5. cxd3 f6 6. Nc3 e5 7. dxe5 fxe5 8.
Bg3 Qe7 9. Nxd5 Qd7 10. Nc3 Bb4 11. Nf3 Qe6 12. O-O O-O-O 13. Qc2 Nf6 14. a3 Bd6
15. Rfe1 h5 16. h3 Qg8 17. d4 exd4 18. Bxd6 Rxd6 19. exd4 Nxd4 20. Nxd4 Rxd4 21.
Qf5+ Kb8 22. Rad1 Rxd1 23. Rxd1 Qf7 24. Qf4 a6 25. Qd4 Qe7 26. b4 b6 27. a4 Kc8
28. b5 Rd8 29. Qxd8+ Qxd8 30. Rxd8+ Kxd8 31. bxa6 Kc8 32. Nb5 Kb8 33. a7+ Ka8
34. Nxc7+ Kxa7 35. Ne6 g6 36. Kf1 Ka6 37. Ke2 Ka5 38. Ke3 Kxa4 39. Kf4 b5 40.
Kg5 b4 41. Kxf6 b3 42. Nc5+ Kb4 43. Nxb3 Kxb3 44. Kxg6 Kc4 45. Kxh5 Kd5 46. Kg6 1-0

[Event "ch-FRA Blitz Online Qual"]
[Site "Europe-Chess INT"]
[Date "2020.05.16"]
[Round "5"]
[White "Huynh, Nicolas"]
[Black "Mareau, Timothe"]
[Result "0-1"]
[WhiteElo "1836"]
[BlackElo "1642"]
[WhiteFideId "36081302"]
[BlackFideId "45148864"]
[EventDate "2020.05.16"]

1. e4 e6 2. d4 d5 3. Nc3 Nc6 4. e5 f6 5. f4 fxe5 6. fxe5 Qh4+ 7. g3 Qxd4 8. Qxd4
Nxd4 9. Bd3 c5 10. Nge2 Nf3+ 11. Kf2 Nxe5 12. Bb5+ Bd7 13. Bxd7+ Nxd7 14. Nf4
O-O-O 15. Nxe6 Re8 16. Nf4 d4 17. Ncd5 Ngf6 18. Bd2 Bd6 19. c3 Ne4+ 20. Ke2
Nxg3+ 21. Kf3 Nxh1 22. Rxh1 Ne5+ 23. Kg2 g5 24. Nh5 h6 25. Nhf6 Ref8 26. Ne4 Kd7
27. cxd4 Nd3 28. dxc5 Nxc5 29. Nef6+ Kc8 30. Rc1 Kd8 31. Ba5+ b6 32. Nxb6 axb6
33. Bxb6+ Ke7 34. Nd5+ Ke6 35. Bxc5 Kxd5 36. b4 Bxc5 37. Rxc5+ Kd6 38. a4 Rf4
39. Rb5 Rhf8 40. a5 g4 41. Rb6+ Kc7 42. Rb5 R8f5 43. Rb6 h5 44. Rh6 Rf2+ 45. Kg3
R2f3+ 46. Kg2 h4 47. Rxh4 Rf2+ 48. Kg3 R5f3+ 49. Kxg4 Rf4+ 50. Kg3 Rxh4 51. Kxh4
Rxh2+ 52. Kg5 Rb2 53. Kf5 Rxb4 54. Ke5 Ra4 55. Kd5 Rxa5+ 56. Kc4 Kd6 57. Kd4
Ra4+ 58. Kc3 Kd5 59. Kd3 Ra3+ 60. Ke2 Kd4 61. Kf2 Ke4 62. Kg2 Kf4 63. Kf2 Ra2+
64. Ke1 Ke3 65. Kd1 Rh2 66. Kc1 Kd3 67. Kb1 Kc3 68. Ka1 Kb3 69. Kb1 Rh1# 0-1

[Event "ch-FRA Blitz Online Qual"]
[Site "Europe-Chess INT"]
[Date "2020.05.16"]
[Round "5"]
[White "Thibous, Leo"]
[Black "Afraoui, Anaelle"]
[Result "0-1"]
[BlackTitle "WFM"]
[WhiteElo "1380"]
[BlackElo "2120"]
[WhiteFideId "45136084"]
[BlackFideId "20654383"]
[EventDate "2020.05.16"]

1. Nf3 Nf6 2. c4 g6 3. b3 Bg7 4. Bb2 d5 5. g3 O-O 6. Bg2 c5 7. O-O Nc6 8. e3 d4
9. d3 dxe3 10. fxe3 Bf5 11. d4 cxd4 12. exd4 Qc7 13. Nc3 Rad8 14. Nb5 Qb8 15. d5
a6 16. Na3 Nxd5 17. Bxg7 Nf6 18. Qe2 Kxg7 19. Rfd1 Rxd1+ 20. Rxd1 Rd8 21. Nc2
Qc7 22. Ncd4 Nxd4 23. Nxd4 Bg4 24. Bf3 Bxf3 25. Qxf3 e5 26. Nc2 Rxd1+ 27. Qxd1
Qc5+ 28. Kg2 Ne4 29. Qf3 f5 30. g4 Ng5 31. Qxb7+ Kh6 32. h4 Ne6 33. g5+ Kh5 34.
Qxh7+ Kg4 35. Qb7 Nf4+ 36. Kh1 Qf2 0-1

[Event "ch-FRA Blitz Online Qual"]
[Site "Europe-Chess INT"]
[Date "2020.05.16"]
[Round "5"]
[White "Demarche, Laurent"]
[Black "Sayah-Hobon, Noah"]
[Result "1-0"]
[WhiteElo "1835"]
[BlackElo "1364"]
[WhiteFideId "609757"]
[BlackFideId "551015609"]
[EventDate "2020.05.16"]

1. d3 d5 2. Nd2 c5 3. e4 d4 4. f4 Nc6 5. a4 Bd7 6. Ngf3 e6 7. Nc4 Nge7 8. Bd2
Qc7 9. Be2 g6 10. O-O Bg7 11. e5 O-O 12. Ng5 Nf5 13. Ne4 a6 14. a5 Nce7 15. Bf3
Nd5 16. Qe2 Bb5 17. b3 Bxc4 18. bxc4 Nde7 19. Qf2 Rfe8 20. g4 Nh6 21. h3 Nc6 22.
Nf6+ Bxf6 23. exf6 Qd8 24. f5 Nxg4 25. hxg4 exf5 26. g5 Ne5 27. Qh4 Nxf3+ 28.
Rxf3 Re6 29. Rh3 Kf8 30. Qxh7 Ke8 31. Qg8+ Kd7 32. Qxf7+ Kd6 33. Bf4+ 1-0

[Event "ch-FRA Blitz Online Qual"]
[Site "Europe-Chess INT"]
[Date "2020.05.16"]
[Round "5"]
[White "Sallette, Alain"]
[Black "Dazi, Adam"]
[Result "0-1"]
[WhiteElo "1831"]
[BlackElo "1336"]
[WhiteFideId "626570"]
[BlackFideId "45106959"]
[EventDate "2020.05.16"]

1. d4 d5 2. c4 c6 3. Nc3 Nf6 4. Nf3 e6 5. e3 Bb4 6. Qc2 Nbd7 7. a3 Bd6 8. Bd3
dxc4 9. Bxc4 Nb6 10. Bd3 Bd7 11. O-O O-O 12. e4 Be7 13. Bg5 h6 14. Bh4 Re8 15.
e5 Nfd5 16. Bxe7 Qxe7 17. Ne4 Rac8 18. Nd6 Nf4 19. Nxc8 Rxc8 20. Be4 Nfd5 21.
Rad1 c5 22. dxc5 Rxc5 23. Qd2 Nc4 24. Qe2 Bb5 25. b4 Nce3 26. Qxe3 Nxe3 27. fxe3
Rc8 28. Rfe1 g6 29. Bxb7 Qxb7 30. Nd4 Ba4 31. Rd2 Qe4 32. Rf2 Qxe5 33. Rf3 Rc3
34. Rg3 Kg7 35. Nf3 Qe4 36. Nd2 Qd3 37. Nf3 Rxa3 38. Ne5 Qe4 39. Ng4 h5 40. Nf2
Qe5 41. Nh3 h4 42. Rg4 Rxe3 43. Rf1 Re1 0-1

[Event "ch-FRA Blitz Online Qual"]
[Site "Europe-Chess INT"]
[Date "2020.05.16"]
[Round "5"]
[White "Zeller, Thomas"]
[Black "Moeller, Joshua"]
[Result "1-0"]
[WhiteElo "1792"]
[BlackElo "1469"]
[WhiteFideId "26057069"]
[BlackFideId "45167834"]
[EventDate "2020.05.16"]

1. e4 e6 2. Qe2 d5 3. e5 c5 4. Nf3 Nc6 5. g3 Nge7 6. Bg2 Nf5 7. O-O Nfd4 8. Nxd4
Nxd4 9. Qd3 Qb6 10. c3 Nf5 11. Qe2 Bd7 12. d3 Bb5 13. Na3 Ba6 14. Nc2 c4 15. d4
Be7 16. g4 Nh6 17. f4 Bb5 18. f5 exf5 19. gxf5 O-O-O 20. f6 Bf8 21. fxg7 Bxg7
22. Nb4 Rhe8 23. Nxd5 Qg6 24. Nf6 Bxf6 25. Rxf6 Qd3 26. Qxd3 cxd3 27. Bxh6 Rd7
28. Bh3 d2 29. Bxd7+ Kxd7 30. Bxd2 Bd3 31. Rxf7+ Ke6 32. Rxb7 Rg8+ 33. Kf2 Kf5
34. Rf7+ Ke4 35. Rf4+ Kd5 36. Ke3 Bc4 37. b3 Ba6 38. c4+ Kc6 39. d5+ Kd7 40. e6+
Kd6 41. Bb4+ Kc7 42. Rf7+ Kd8 43. Rf8+ Rxf8 44. Bxf8 Ke8 45. e7 Bc8 46. d6 Bf5
47. c5 Be6 48. c6 Bd7 49. cxd7+ Kxd7 50. Rc1 a5 51. Rc7+ Ke8 52. d7+ Kf7 53.
e8=Q+ Kf6 54. Qe7+ Kg6 55. Rc6+ Kf5 56. Qf6+ Kg4 57. Qf4+ Kh3 58. Rh6+ Kg2 59.
Qg3+ Kf1 60. Qf2# 1-0

[Event "ch-FRA Blitz Online Qual"]
[Site "Europe-Chess INT"]
[Date "2020.05.16"]
[Round "5"]
[White "Moracchini, Margaux"]
[Black "Flores, Christophe"]
[Result "1-0"]
[WhiteElo "1933"]
[BlackElo "1332"]
[WhiteFideId "36018198"]
[BlackFideId "45163758"]
[EventDate "2020.05.16"]

1. e4 Nc6 2. d4 e5 3. Nf3 exd4 4. Nxd4 Bc5 5. Be3 Qf6 6. c3 Nge7 7. g3 O-O 8.
Bg2 d6 9. O-O Nxd4 10. cxd4 Bb6 11. Nc3 c6 12. Qd2 d5 13. exd5 Nxd5 14. Nxd5
cxd5 15. Bxd5 Bh3 16. Bg2 Bxg2 17. Kxg2 Rad8 18. Rfd1 Rfe8 19. Rac1 Rd7 20. a3
Red8 21. Bg5 Qc6+ 22. Rxc6 bxc6 23. Bxd8 Rxd8 24. Qf4 1-0

[Event "ch-FRA Blitz Online Qual"]
[Site "Europe-Chess INT"]
[Date "2020.05.16"]
[Round "5"]
[White "Gimenez, Adrien"]
[Black "Larmet, Nino"]
[Result "0-1"]
[WhiteElo "1591"]
[BlackElo "1818"]
[WhiteFideId "36069094"]
[BlackFideId "45105219"]
[EventDate "2020.05.16"]

1. e4 e5 2. Nf3 Nc6 3. Bc4 Bc5 4. O-O Nf6 5. d3 O-O 6. c3 d5 7. exd5 Nxd5 8. h3
Nb6 9. Bb3 Bf5 10. Bc2 f6 11. Nh4 Be6 12. Nd2 f5 13. Bb3 Bxb3 14. Nxb3 Bd6 15.
Nf3 Qf6 16. Re1 Rae8 17. Be3 Nd5 18. Bc5 Nf4 19. Be3 g5 20. Bxf4 gxf4 21. Nbd2
Kh8 22. Kh2 Rg8 23. Rg1 e4 24. dxe4 fxe4 25. Ne1 e3 26. fxe3 fxe3+ 27. Kh1 exd2
28. Qxd2 Re7 29. Nf3 Reg7 30. Rae1 Qg6 31. Re2 Qg3 32. b4 Qxf3 33. gxf3 Rxg1# 0-1

[Event "ch-FRA Blitz Online Qual"]
[Site "Europe-Chess INT"]
[Date "2020.05.16"]
[Round "5"]
[White "Kieffer, Anatole"]
[Black "Anas, Jacques"]
[Result "1-0"]
[WhiteElo "2094"]
[BlackElo "1304"]
[WhiteFideId "20650027"]
[BlackFideId "36094552"]
[EventDate "2020.05.16"]

1. e4 c5 2. Nf3 Nc6 3. d4 cxd4 4. Nxd4 e5 5. Nb5 d6 6. N1c3 a6 7. Na3 b5 8. Nd5
Nf6 9. Bg5 Be7 10. Bxf6 Bxf6 11. c4 O-O 12. cxb5 Nd4 13. b6 Bb7 14. Bc4 Rb8 15.
O-O Bxd5 16. Bxd5 Qxb6 17. Nc4 Qc7 18. b3 Bg5 19. Kh1 Kh8 20. Qg4 Bf6 21. Rac1
Qd8 22. Ne3 Bg5 23. Rfe1 Bxe3 24. Rxe3 Qf6 25. Kg1 Qg6 26. Qxg6 fxg6 27. Kf1 Rf6
28. Rec3 h6 29. f3 g5 30. Rc8+ Rxc8 31. Rxc8+ Kh7 32. Bg8+ Kg6 33. h3 Ne6 34.
Bxe6 Rxe6 35. Rc6 Rf6 36. Rxa6 h5 37. b4 g4 38. hxg4 hxg4 39. Kf2 gxf3 40. gxf3
Rf7 41. Rxd6+ Kh7 42. b5 Rb7 43. a4 g6 44. Re6 Ra7 45. Ra6 Re7 46. b6 Rb7 47.
Ra7 Rg7 48. b7 1-0

[Event "ch-FRA Blitz Online Qual"]
[Site "Europe-Chess INT"]
[Date "2020.05.16"]
[Round "5"]
[White "Naillou, Jean-Marc"]
[Black "Nguyen, Thao Nhi"]
[Result "0-1"]
[WhiteElo "1449"]
[BlackElo "1951"]
[WhiteFideId "36047724"]
[BlackFideId "36000310"]
[EventDate "2020.05.16"]

1. e4 Nf6 2. e5 Nd5 3. d4 d6 4. Nf3 dxe5 5. dxe5 c6 6. Bc4 Bg4 7. O-O e6 8. Bg5
Be7 9. Bxe7 Qxe7 10. Nbd2 Nd7 11. Qe1 O-O 12. h3 Bf5 13. c3 N7b6 14. Bxd5 exd5
15. Nd4 Bg6 16. Qc1 Qxe5 17. Re1 Qd6 18. N2f3 Rfe8 19. Qg5 h6 20. Qg3 Qxg3 21.
fxg3 Nc4 22. b3 Ne3 23. Rac1 c5 24. Ne2 Nc2 25. Rxc2 Bxc2 26. Nf4 Rxe1+ 27. Nxe1
Be4 28. Kh2 g5 29. Nfd3 b6 30. Ne5 Re8 31. N5f3 f5 32. Nd2 Kf7 33. Nxe4 fxe4 34.
Nc2 e3 35. Ne1 d4 36. cxd4 cxd4 0-1

[Event "ch-FRA Blitz Online Qual"]
[Site "Europe-Chess INT"]
[Date "2020.05.16"]
[Round "5"]
[White "Hassler, Tim"]
[Black "Fraile, Lucas"]
[Result "1-0"]
[WhiteElo "1933"]
[BlackElo "1276"]
[WhiteFideId "36052566"]
[BlackFideId "45146322"]
[EventDate "2020.05.16"]

1. e4 c6 2. d4 d5 3. exd5 cxd5 4. Bd3 Nc6 5. c3 Nf6 6. h3 e6 7. Bf4 Bd6 8. Bxd6
Qxd6 9. Nf3 O-O 10. O-O Bd7 11. Re1 Rac8 12. Ne5 Na5 13. Nd2 b5 14. a3 Nc4 15.
Ndxc4 bxc4 16. Bc2 Rb8 17. Rb1 Rb7 18. Qe2 Rfb8 19. Bd1 Ne4 20. Qf3 f6 21. Nxd7
Qxd7 22. Re2 Qf7 23. Qe3 f5 24. f3 Ng3 25. Rd2 f4 26. Qe5 Nf5 27. b3 Ne3 28. Re2
Nxd1 29. Rxd1 Rxb3 30. Qxe6 Qxe6 31. Rxe6 Rxc3 32. Ra1 Rbb3 33. Re8+ Kf7 34. Ra8
Rxa3 35. Rxa3 Rxa3 36. Kf2 c3 37. Ke1 Ra2 38. Kd1 g6 39. Kc1 a5 40. Rc8 Rxg2 41.
Rxc3 Rg3 42. Rc7+ Kg8 43. Rd7 Rxf3 44. Rxd5 Rxh3 45. Rxa5 Rd3 46. Rd5 Kf7 47.
Kc2 Kf6 48. Kxd3 g5 49. Ke2 h5 50. Kf3 Kg6 51. Ra5 Kf6 52. d5 Ke5 53. d6+ Kxd6
54. Rxg5 h4 55. Rh5 Ke6 56. Kxf4 Kf6 57. Rxh4 Kg6 58. Rg4+ Kf6 59. Ke4 Ke6 60.
Rg6+ Kd7 61. Ke5 Kc7 62. Kd5 Kc8 63. Kd6 Kb8 64. Kc6 Ka8 65. Kb6 1-0

[Event "ch-FRA Blitz Online Qual"]
[Site "Europe-Chess INT"]
[Date "2020.05.16"]
[Round "5"]
[White "Revel, Adrien"]
[Black "Courjal, Juliette"]
[Result "1-0"]
[WhiteElo "1859"]
[BlackElo "1388"]
[WhiteFideId "624179"]
[BlackFideId "45147833"]
[EventDate "2020.05.16"]

1. e4 e5 2. Nf3 Nc6 3. Bc4 Nf6 4. d3 Bc5 5. c3 O-O 6. O-O a6 7. a4 Be7 8. Re1
Re8 9. Nbd2 d6 10. Nf1 Bg4 11. h3 Bh5 12. Ng3 Qd7 13. Nxh5 Nxh5 14. Nxe5 Nxe5
15. Qxh5 Nxc4 16. dxc4 Qc6 17. Qd5 Qb6 18. b4 c6 19. Qd3 Rad8 20. Be3 Qc7 21.
Rad1 Bf6 22. a5 Qe7 23. Bb6 Rd7 24. Bd4 Red8 25. Bxf6 Qxf6 26. Qd4 Qe6 27. Re3
c5 28. Qd5 Qf6 29. Red3 h6 30. Qf5 Qe7 31. e5 g6 32. exd6 Qe8 33. Qxc5 Qe6 34.
Qe3 Qf6 35. Qxh6 Rxd6 36. Rxd6 Rxd6 37. Rxd6 Qxd6 38. Qe3 Qd1+ 39. Kh2 Qd6+ 40.
g3 Qf6 41. Qd4 Qf5 42. Kg2 Kh7 43. Qf4 Qc2 44. Qh4+ Kg8 45. Qd4 Qb2 46. Qd8+ Kh7
47. Qd3 Kg8 48. b5 axb5 49. cxb5 Qa3 50. a6 b6 51. Qc4 Qa5 52. Qb4 Qa1 53. Qd4
Qa5 54. Qd3 Qa3 55. Qd8+ Kg7 56. Qxb6 Qxc3 57. Qb7 Qc4 58. a7 Qc5 59. a8=Q Qc3
60. Qd5 Qc2 61. Qab7 Qf5 62. Qbxf7+ Qxf7 63. Qxf7+ Kxf7 64. Kf3 Ke7 65. Ke4 Kd7
66. Kf4 Kc7 67. Kg5 Kb6 68. Kxg6 Kxb5 69. h4 Kc5 70. h5 Kd5 71. h6 Ke4 72. g4
Kf3 73. g5 Kxf2 74. h7 Kf3 75. h8=Q Kg3 76. Kg7 Kf2 77. g6 Kg1 78. Kf8 Kf1 79.
g7 Kg1 80. g8=Q+ Kf1 81. Qgg7 Ke1 82. Qhh6 Kd1 83. Qhf6 Kc1 84. Qge7 Kc2 85.
Qfd6 Kc3 86. Qec7+ Kb3 87. Qdb6+ Ka4 88. Qca7# 1-0

[Event "ch-FRA Blitz Online Qual"]
[Site "Europe-Chess INT"]
[Date "2020.05.16"]
[Round "5"]
[White "Thibous, Mathis"]
[Black "Spagnoli, Benjamin"]
[Result "0-1"]
[WhiteElo "1313"]
[BlackElo "1770"]
[WhiteFideId "45163014"]
[BlackFideId "20667116"]
[EventDate "2020.05.16"]

1. d4 Nf6 2. c4 g6 3. Nc3 Bg7 4. g3 O-O 5. Bg2 c5 6. Nf3 d6 7. O-O Nc6 8. d5 Nb4
9. a3 Na6 10. e4 Bd7 11. Nd2 Rb8 12. f4 b5 13. cxb5 Bxb5 14. Nxb5 Rxb5 15. Nc4
Nc7 16. Kh1 Rb8 17. h3 Nb5 18. Be3 Nh5 19. Rb1 Nxg3+ 20. Kg1 Nxf1 21. Kxf1 Nd4
22. b4 e6 23. dxe6 fxe6 24. b5 d5 25. Nd2 Nxb5 26. exd5 Nc3 27. Qc2 Nxb1 28. Kf2
Nxd2 29. Bxd2 Rb2 30. Qd3 Rxf4+ 31. Kg3 Qh4+ 32. Kh2 Rd4 33. Qa6 Be5+ 34. Kg1
Rb1+ 35. Bf1 Qg3+ 36. Kh1 Qh2# 0-1

[Event "ch-FRA Blitz Online Qual"]
[Site "Europe-Chess INT"]
[Date "2020.05.16"]
[Round "5"]
[White "Batout, Ethan"]
[Black "Acudad, Marsuk"]
[Result "0-1"]
[WhiteElo "1267"]
[BlackElo "1665"]
[WhiteFideId "551081806"]
[BlackFideId "689157"]
[EventDate "2020.05.16"]

1. d4 d5 2. c4 e6 3. Nc3 c6 4. e3 Nf6 5. Nf3 Nbd7 6. Bd3 dxc4 7. Bxc4 b5 8. Bd3
a6 9. O-O c5 10. Ne2 Bb7 11. Ng3 Bd6 12. b3 h5 13. h3 Rc8 14. Bb2 c4 15. bxc4
bxc4 16. Bc2 c3 17. Bc1 Qa5 18. Re1 Bxg3 19. fxg3 Be4 20. Qe2 O-O 21. Ng5 Qxg5
22. Ba3 Rfe8 0-1

[Event "ch-FRA Blitz Online Qual"]
[Site "Europe-Chess INT"]
[Date "2020.05.16"]
[Round "5"]
[White "Massiani, Xavier"]
[Black "Citores, Mathis"]
[Result "1-0"]
[WhiteElo "1781"]
[BlackElo "1288"]
[WhiteFideId "45145059"]
[BlackFideId "45148350"]
[EventDate "2020.05.16"]

1. e4 e5 2. Nf3 Nc6 3. d4 exd4 4. Nxd4 Bc5 5. Be3 Qf6 6. c3 Nge7 7. g3 b6 8. Bg2
Bb7 9. O-O O-O 10. f4 d6 11. b4 Nxd4 12. cxd4 Bxb4 13. e5 dxe5 14. dxe5 Qe6 15.
Bxb7 Rab8 16. Bg2 f6 17. Qa4 c5 18. a3 Ba5 19. Nd2 Bxd2 20. Bxd2 fxe5 21. Rae1
b5 22. Qxa7 Ra8 23. Bxa8 Qh3 24. Bg2 1-0

[Event "ch-FRA Blitz Online Qual"]
[Site "Europe-Chess INT"]
[Date "2020.05.16"]
[Round "5"]
[White "Laville, Renaud"]
[Black "Leonardy, Batiste"]
[Result "0-1"]
[WhiteElo "1774"]
[BlackElo "1177"]
[WhiteFideId "640247"]
[BlackFideId "36062880"]
[EventDate "2020.05.16"]

1. d4 Nf6 2. Bf4 g6 3. Nc3 Bg7 4. e4 d6 5. Qd2 O-O 6. O-O-O Nbd7 7. h4 c5 8.
dxc5 Nxc5 9. f3 Be6 10. Kb1 a6 11. Bh6 Bxh6 12. Qxh6 Qa5 13. g4 Rfc8 14. Nge2
Na4 15. Nxa4 Bxa2+ 16. Kc1 Qxa4 17. Nc3 Qa5 18. Qg5 Rc5 19. Qe3 Rac8 20. Bd3 Bc4
21. Bxc4 Rxc4 22. g5 Qa1+ 23. Kd2 Qxb2 24. Nd5 Rxc2+ 25. Ke1 Nxd5 26. exd5 Qb4+ 0-1

[Event "ch-FRA Blitz Online Qual"]
[Site "Europe-Chess INT"]
[Date "2020.05.16"]
[Round "5"]
[White "Paralieu, Maxime"]
[Black "Carlier-Bromberg, Paul"]
[Result "1-0"]
[WhiteElo "1569"]
[BlackElo "1790"]
[WhiteFideId "45154171"]
[BlackFideId "36099155"]
[EventDate "2020.05.16"]

1. d4 d5 2. c4 e6 3. Nf3 Nf6 4. g3 Be7 5. Bg2 b6 6. O-O Bb7 7. Nc3 Nbd7 8. e3 c5
9. b3 O-O 10. Bb2 cxd4 11. exd4 dxc4 12. bxc4 Rc8 13. Qd3 Ba6 14. Nb5 Nc5 15.
Qe2 Nb7 16. Rac1 Bxb5 17. cxb5 Nd6 18. Ne5 Nf5 19. Nc6 Qd7 20. Rfd1 Bd6 21. d5
exd5 22. Bxf6 gxf6 23. Rxd5 Ne7 24. Rxd6 Qxd6 25. Nxe7+ Kg7 26. Qg4+ Kh8 27.
Nxc8 Qd2 28. Rf1 Qxa2 29. Nd6 Qe6 30. Qxe6 fxe6 31. Re1 e5 32. Ne4 Kg7 33. Bh3
Rd8 34. Kf1 Rd5 35. Rb1 Rd4 36. f3 Rc4 37. Bf5 Rc2 38. h4 1-0

[Event "ch-FRA Blitz Online Qual"]
[Site "Europe-Chess INT"]
[Date "2020.05.16"]
[Round "5"]
[White "Mallevaey, Armand"]
[Black "Launay, Maxence"]
[Result "1/2-1/2"]
[WhiteElo "1773"]
[BlackElo "1084"]
[WhiteFideId "36041424"]
[BlackFideId "551013231"]
[EventDate "2020.05.16"]

1. e4 d5 2. exd5 Nf6 3. Bb5+ c6 4. dxc6 Nxc6 5. Bxc6+ bxc6 6. Nc3 Bb7 7. Nf3 e6
8. O-O Bc5 9. d3 O-O 10. Bg5 Be7 11. Bf4 c5 12. Be5 Bd6 13. Bxd6 Qxd6 14. Re1
Ng4 15. h3 Bxf3 16. Qxf3 Ne5 17. Qg3 f6 18. Ne4 Qd5 19. Nxf6+ Rxf6 20. Rxe5 Qd6
21. Rg5 Qxg3 22. Rxg3 Rb8 23. b3 a5 24. Re1 Kf7 25. Re5 Rc8 26. Rg4 h6 27. f3
Rc6 28. Rc4 Rf5 29. Ree4 Ke7 30. Rg4 g5 31. Kf2 Kf6 32. Ra4 Ra6 33. Rgc4 Ke7 34.
Re4 Kd6 35. g4 Rd5 36. Re2 Ke7 37. Rae4 Kf6 38. c4 Rxd3 39. Re5 Rc6 40. R5e4 Ra6
41. R4e3 Rd4 42. Re5 Rc6 43. R5e4 Rd3 44. R2e3 Rd2+ 45. Re2 Rd3 1/2-1/2

[Event "ch-FRA Blitz Online Qual"]
[Site "Europe-Chess INT"]
[Date "2020.05.16"]
[Round "5"]
[White "Guillou, Paul"]
[Black "Salami, Reza"]
[Result "0-1"]
[WhiteElo "1157"]
[BlackElo "1882"]
[WhiteFideId "551031140"]
[BlackFideId "618659"]
[EventDate "2020.05.16"]

1. d4 d5 2. c4 e6 3. Nc3 Be7 4. e3 Nf6 5. Nf3 Nbd7 6. Be2 O-O 7. cxd5 exd5 8.
O-O c6 9. Bd2 Ne4 10. Bd3 Ndf6 11. Qc2 Nxd2 12. Qxd2 Bg4 13. Be2 Bd6 14. h3 Bh5
15. Ng5 h6 16. Bxh5 Nxh5 17. Nf3 f5 18. Rfe1 Nf6 19. a3 Ne4 20. Nxe4 fxe4 21.
Nh2 Qf6 22. Ng4 Qg5 23. Rac1 h5 24. Nh2 Rf7 25. Re2 Raf8 26. Rc3 Rf6 27. Kh1 Qh4
28. Kg1 Rg6 29. Kh1 Qg5 30. f3 exf3 31. Rf2 Qg3 0-1

[Event "ch-FRA Blitz Online Qual"]
[Site "Europe-Chess INT"]
[Date "2020.05.16"]
[Round "5"]
[White "Schrefheere, Anthime"]
[Black "Brunet-Moret, Leopold"]
[Result "1-0"]
[WhiteElo "1750"]
[BlackElo "1109"]
[WhiteFideId "657646"]
[BlackFideId "551078201"]
[EventDate "2020.05.16"]

1. e4 c5 2. d3 Nc6 3. g3 g6 4. Bg2 Bg7 5. Ne2 Nf6 6. Bg5 O-O 7. Qd2 Re8 8. c3
Qb6 9. Na3 Na5 10. Nf4 h6 11. Bxf6 exf6 12. Nd5 Qd6 13. Nb5 Qc6 14. Nbc7 c4 15.
Nxe8 cxd3 16. Qxd3 Nc4 17. b3 Ne5 18. Qd2 Qc5 19. O-O Bf8 20. Nexf6+ Kg7 21. b4
Qc6 22. Qd4 d6 23. Ne8+ Kh8 24. a4 Be6 25. Nec7 Rc8 26. b5 Qb6 27. Nxb6 Rxc7 28.
Nd5 b6 29. f4 Rc4 30. fxe5 Rxd4 31. cxd4 dxe5 32. dxe5 Bc5+ 33. Kh1 Bd4 34. Rac1
Bxe5 35. Nc7 Bb3 36. Ne8 Bxa4 37. Rxf7 Bxb5 38. Nf6 Bxf6 39. Rc8+ Be8 40. Rxe8# 1-0

[Event "ch-FRA Blitz Online Qual"]
[Site "Europe-Chess INT"]
[Date "2020.05.16"]
[Round "5"]
[White "Galhaud, Jean-Philippe"]
[Black "Lequang, Enzo"]
[Result "0-1"]
[WhiteElo "1749"]
[BlackElo "1068"]
[WhiteFideId "26001349"]
[BlackFideId "551052911"]
[EventDate "2020.05.16"]

1. e4 e5 2. d4 exd4 3. Bc4 Nc6 4. Nf3 Bc5 5. O-O d6 6. c3 dxc3 7. Qb3 cxb2 8.
Bxb2 Na5 9. Bxf7+ Kf8 10. Qc3 Nf6 11. Bd5 Nc6 12. Nbd2 Bb4 13. Qb3 Bxd2 14. Nxd2
Ke7 15. Rae1 Re8 16. e5 dxe5 17. Bxc6 bxc6 18. Bxe5 Kf8 19. Bxf6 Qxf6 20. Rxe8+
Kxe8 21. Re1+ Kf8 22. Qb4+ Kg8 23. Qc4+ Kf8 24. Qxc6 Qxc6 25. Nf3 Bg4 26. Nd4
Qc3 0-1

[Event "ch-FRA Blitz Online Qual"]
[Site "Europe-Chess INT"]
[Date "2020.05.16"]
[Round "5"]
[White "Gordon, Louis"]
[Black "Nicot, Valentin"]
[Result "1-0"]
[WhiteElo "1758"]
[BlackElo "1041"]
[WhiteFideId "45186162"]
[BlackFideId "651002477"]
[EventDate "2020.05.16"]

1. d4 d5 2. Nf3 Nf6 3. e3 e6 4. Bd3 Be7 5. Nbd2 O-O 6. b3 Nc6 7. a3 a5 8. Bb2
Bd7 9. Ne5 Nxe5 10. dxe5 Ne8 11. O-O f6 12. Qh5 h6 13. Qg6 c5 14. Qh7+ Kf7 15.
Bg6# 1-0